Poems, (Record no. 81037)

MARC details
000 -LEADER
fixed length control field 00445nam a22001811 4500
001 - CONTROL NUMBER
control field sa 68005979
003 - CONTROL NUMBER IDENTIFIER
control field DLC
005 - DATE AND TIME OF LATEST TRANSACTION
control field 20260227112512.0
008 - FIXED-LENGTH DATA ELEMENTS--GENERAL INFORMATION
fixed length control field 710915s1905 ii 00010 eng
010 ## - LIBRARY OF CONGRESS CONTROL NUMBER
LC control number sa 68005979
050 0# - LIBRARY OF CONGRESS CALL NUMBER
Classification number PR6005.H32
Item number P6 1905
100 10 - MAIN ENTRY--PERSONAL NAME
Personal name Chapman, John Alexander,
Dates associated with a name 1875-
245 00 - TITLE STATEMENT
Title Poems,
Statement of responsibility, etc. by J. A. C.
260 0# - PUBLICATION, DISTRIBUTION, ETC.
Place of publication, distribution, etc. [Calcutta?
Date of publication, distribution, etc. 1905]
300 ## - PHYSICAL DESCRIPTION
Extent ii, 80 p.
Dimensions 18 cm.
600 00 - SUBJECT ADDED ENTRY--PERSONAL NAME
Personal name J. A. C.
700 10 - ADDED ENTRY--PERSONAL NAME
Personal name C, J. A.

No items available.

Powered by Koha